000 00471nam a2200169Ia 4500
003 GCL
008 140319s9999 xx 000 0 eng d
040 _aGCL /
_cGCL
082 0 4 _a362.29
_bK T
100 1 _aKATZENBACH, NICHOLAS DE
245 1 0 _aTASK FORCE REPORT: NARCOTICS AND DRUG ABUSE /
_cKATZENBACH, NICHOLAS DE
260 _a[S.N] :
_bU.S. GOVERNMENT PRINTING OFFICE ،
_c1967
300 _a158 P
650 0 4 _aDRUG ABUSE
650 0 4 _aDRUGS
942 _2ddc
_cBK
999 _c15255
_d15255